Palavras - Statistics

Estatísticas Gerais
  • Esse quiz foi jogado 188 vezes
  • A pontuação média é 11 de 15
Estatísticas das Respostas
Hint Resposta % Correto
Objeto usado para jogar futebol. Bola
100%
Masculino de galinha. Galo
98%
O que caí das nuvens quando chove. Água
95%
Feminino de boi. Vaca
95%
Jóia que usamos no dedo. Anel
91%
O mais conhecido chama-se Mickey. Rato
91%
É o contrário da morte. Vida
88%
Capital de Itália. Roma
85%
Masculino de Pata. Pato
83%
Bebemos logo pela manhã. Café
82%
Parte branca do ovo. Gema
75%
Sítio onde nós deitamos. Cama
73%
Objeto usado para transportar coisas. Mala
27%
Nas feiras são designadas de gigante. Roda
23%
Usado para fazer mão de vaca. Grão
7%
Nenhum quiz correspondente encontrado
Distribuição das Pontuações
Porcentagem de Pessoas com Cada Pontuação
Percentil de Números Respondidos
Sua Pontuação Histórica
Você não jogou esse quiz